A history of ancient western philosophy (Record no. 47795)
[ view plain ]
| 000 -LEADER | |
|---|---|
| fixed length control field | 00420nam a2200181Ia 4500 |
| 003 - CONTROL NUMBER IDENTIFIER | |
| control field | 0100 |
| 008 - FIXED-LENGTH DATA ELEMENTS--GENERAL INFORMATION | |
| fixed length control field | 130303s9999 xx 000 0 und d |
| 040 ## - CATALOGING SOURCE | |
| Transcribing agency | ARRUPELIB |
| 050 ## - LIBRARY OF CONGRESS CALL NUMBER | |
| Classification number | B171.09 1959 |
| 300 ## - PHYSICAL DESCRIPTION | |
| Other physical details | 434p. 21cm. |
| 100 ## - MAIN ENTRY--PERSONAL NAME | |
| Personal name | Owens, Joseph |
| 245 #2 - TITLE STATEMENT | |
| Title | A history of ancient western philosophy |
| 260 ## - PUBLICATION, DISTRIBUTION, ETC. (IMPRINT) | |
| Place of publication, distribution, etc | New York |
| 260 ## - PUBLICATION, DISTRIBUTION, ETC. (IMPRINT) | |
| Name of publisher, distributor, etc | Appleton-Century-Crofts |
| 260 ## - PUBLICATION, DISTRIBUTION, ETC. (IMPRINT) | |
| -- | 1959 |
| 300 ## - PHYSICAL DESCRIPTION | |
| Extent | xv |
| 942 00 - ADDED ENTRY ELEMENTS (KOHA) | |
| Koha issues (borrowed), all copies | 4 |
| Withdrawn status | Lost status | Source of classification or shelving scheme | Damaged status | Not for loan | Collection code | Home library | Current library | Shelving location | Date acquired | Total Checkouts | Full call number | Barcode | Date last seen | Date checked out | Copy number | Price effective from | Koha item type |
|---|---|---|---|---|---|---|---|---|---|---|---|---|---|---|---|---|---|
| Library of Congress Classification | Main Collection | ARRUPE LIBRARY | ARRUPE LIBRARY | 04/03/2013 | 5 | B171.09 1959 | 46003004917 | 09/11/2016 | 01/11/2016 | 1 | 04/03/2013 | Monograph ( Printed materials) | |||||
| Library of Congress Classification | Main Collection | ARRUPE LIBRARY | ARRUPE LIBRARY | 04/03/2013 | 11 | B171.09 1959 | 46003089740 | 12/01/2017 | 11/01/2017 | 2 | 04/03/2013 | Monograph ( Printed materials) | |||||
| Library of Congress Classification | Main Collection | ARRUPE LIBRARY | ARRUPE LIBRARY | 04/03/2013 | 7 | B171.09 1959 | 46003004921 | 24/10/2023 | 26/09/2023 | 3 | 04/03/2013 | Monograph ( Printed materials) | |||||
| Library of Congress Classification | Main Collection | ARRUPE LIBRARY | ARRUPE LIBRARY | 04/03/2013 | 14 | B171.09 1959 | 46003004864 | 14/05/2019 | 07/05/2019 | 4 | 04/03/2013 | Monograph ( Printed materials) | |||||
| Library of Congress Classification | Main Collection | ARRUPE LIBRARY | ARRUPE LIBRARY | 04/03/2013 | 26 | B171.09 1959 | 46003089808 | 14/05/2018 | 30/04/2018 | 5 | 04/03/2013 | Monograph ( Printed materials) | |||||
| Library of Congress Classification | Main Collection | ARRUPE LIBRARY | ARRUPE LIBRARY | 04/03/2013 | 1 | B171.09 1959 | 46003004909 | 30/12/2016 | 11/04/2016 | 6 | 04/03/2013 | Monograph ( Printed materials) | |||||
| Library of Congress Classification | Main Collection | ARRUPE LIBRARY | ARRUPE LIBRARY | 04/03/2013 | 16 | B171.09 1959 | 46500009847 | 19/05/2017 | 09/05/2017 | 7 | 04/03/2013 | Monograph ( Printed materials) | |||||
| Library of Congress Classification | Main Collection | ARRUPE LIBRARY | ARRUPE LIBRARY | 04/03/2013 | 6 | B171.09 1959 | 46003004920 | 07/11/2016 | 25/10/2016 | 8 | 04/03/2013 | Monograph ( Printed materials) |